| 000 | 00723nam a2200217 a 4500 | ||
|---|---|---|---|
| 005 | 20210223124457.0 | ||
| 008 | 011018s2000 r 000 0 eng d | ||
| 020 | _a844151089X | ||
| 035 | _aUPN01000113237 | ||
| 049 | _aCG | ||
| 050 | 4 |
_aQA76.575 _bN9.2 |
|
| 100 | 1 |
_aNyquist, John R., _d1964- |
|
| 245 | 1 | 3 |
_aLa Biblia de Director 8 / _cJohn Nyquist, Robert Martin. |
| 260 |
_aMadrid : _bAnaya Multimedia, _c2000. |
||
| 300 |
_a959 p. : _bil. + _e1 CD-ROM : son., col.; 4 3/4 plg. |
||
| 650 | 4 |
_aMULTIMEDIA INTERACTIVA _94856 |
|
| 650 | 4 |
_aDIRECTOR (ARCHIVO PARA COMPUTADORA) _913950 |
|
| 650 | 4 |
_aLINGO (LENGUAJE DE PROGRAMACION PARA COMPUTADORA) _97536 |
|
| 700 | 1 |
_aMartin, Robert, _d1958- , _ecoaut. |
|
| 905 | _aLibro | ||
| 999 |
_c87145 _d87145 |
||